Investiční fondy: jak dál?

Prerokovávanie novely zákona o investičných spoločnostiach a investičných fondoch v ČR. Problematika kolektívneho investovania - charakteristika pojmu a situácia vo svete. Kolektívne investovanie - redukcia rizika. Úloha a obsadzovanie predstavenstva a dozornej rady v akciovej spoločnosti. Ochrana d...

Descripción completa

Guardado en:
Detalles Bibliográficos
Autor principal: Tuček, M.
Formato: Capítulo de libro
Lenguaje:checo
Materias:
Etiquetas: Agregar Etiqueta
Sin Etiquetas, Sea el primero en etiquetar este registro!

MARC

LEADER 00000naa a2200000 4500
001 r016742
005 20221208130731.7
041 0 |a cze 
044 |a CZ 
245 1 0 |a Investiční fondy: jak dál?  |c M. Tuček 
520 |a Prerokovávanie novely zákona o investičných spoločnostiach a investičných fondoch v ČR. Problematika kolektívneho investovania - charakteristika pojmu a situácia vo svete. Kolektívne investovanie - redukcia rizika. Úloha a obsadzovanie predstavenstva a dozornej rady v akciovej spoločnosti. Ochrana drobných akcionárov. 
610 2 0 |a fondy investičné 
610 2 0 |a spoločnosti investičné 
610 2 0 |a investovanie 
610 2 0 |a rady dozorné 
610 2 0 |a zákony 
610 2 0 |a Česko 
610 2 0 |a akcionári 
100 1 |a Tuček, M.